<?xml version="1.0" encoding="UTF-8"?>
<record
    xmlns:xsi="http://www.w3.org/2001/XMLSchema-instance"
    xsi:schemaLocation="http://www.loc.gov/MARC21/slim http://www.loc.gov/standards/marcxml/schema/MARC21slim.xsd"
    xmlns="http://www.loc.gov/MARC21/slim">

  <leader>00340nam a2200145Ia 4500</leader>
  <controlfield tag="008">230917s9999||||xx |||||||||||||| ||und||</controlfield>
  <datafield tag="040" ind1=" " ind2=" ">
    <subfield code="e">114311</subfield>
    <subfield code="a">MAIN</subfield>
  </datafield>
  <datafield tag="041" ind1=" " ind2=" ">
    <subfield code="a">English</subfield>
  </datafield>
  <datafield tag="082" ind1=" " ind2=" ">
    <subfield code="a">823.7 D555B</subfield>
  </datafield>
  <datafield tag="100" ind1=" " ind2=" ">
    <subfield code="a">Dickens, Charles</subfield>
  </datafield>
  <datafield tag="245" ind1=" " ind2="0">
    <subfield code="a">Bleak House</subfield>
  </datafield>
  <datafield tag="260" ind1=" " ind2=" ">
    <subfield code="a">London</subfield>
    <subfield code="b">Wordsworth</subfield>
    <subfield code="c">1993</subfield>
  </datafield>
  <datafield tag="300" ind1=" " ind2=" ">
    <subfield code="a">xxi, 760 p.</subfield>
  </datafield>
  <datafield tag="942" ind1=" " ind2=" ">
    <subfield code="c">BK</subfield>
  </datafield>
  <datafield tag="952" ind1=" " ind2=" ">
    <subfield code="0">0</subfield>
    <subfield code="1">0</subfield>
    <subfield code="4">0</subfield>
    <subfield code="6">823_700000000000000_D555B</subfield>
    <subfield code="7">0</subfield>
    <subfield code="9">232355</subfield>
    <subfield code="a">MAIN</subfield>
    <subfield code="b">MAIN</subfield>
    <subfield code="d">2008-04-10</subfield>
    <subfield code="l">0</subfield>
    <subfield code="o">823.7 D555B</subfield>
    <subfield code="p">256242</subfield>
    <subfield code="r">2023-09-17 21:31:41</subfield>
    <subfield code="w">2023-09-17</subfield>
    <subfield code="y">BK</subfield>
  </datafield>
  <datafield tag="952" ind1=" " ind2=" ">
    <subfield code="0">0</subfield>
    <subfield code="1">0</subfield>
    <subfield code="4">0</subfield>
    <subfield code="6">823_700000000000000_D555B</subfield>
    <subfield code="7">0</subfield>
    <subfield code="9">232356</subfield>
    <subfield code="a">MAIN</subfield>
    <subfield code="b">MAIN</subfield>
    <subfield code="d">2008-04-10</subfield>
    <subfield code="l">1</subfield>
    <subfield code="o">823.7 D555B</subfield>
    <subfield code="p">257645</subfield>
    <subfield code="r">2026-01-28 11:39:59</subfield>
    <subfield code="s">2026-01-27</subfield>
    <subfield code="w">2023-09-17</subfield>
    <subfield code="y">BK</subfield>
  </datafield>
  <datafield tag="952" ind1=" " ind2=" ">
    <subfield code="0">0</subfield>
    <subfield code="1">0</subfield>
    <subfield code="4">0</subfield>
    <subfield code="6">823_700000000000000_D555B</subfield>
    <subfield code="7">0</subfield>
    <subfield code="9">232357</subfield>
    <subfield code="a">MAIN</subfield>
    <subfield code="b">MAIN</subfield>
    <subfield code="d">2008-04-10</subfield>
    <subfield code="l">0</subfield>
    <subfield code="o">823.7 D555B</subfield>
    <subfield code="p">257646</subfield>
    <subfield code="r">2023-09-17 21:31:41</subfield>
    <subfield code="w">2023-09-17</subfield>
    <subfield code="y">BK</subfield>
  </datafield>
  <datafield tag="952" ind1=" " ind2=" ">
    <subfield code="0">0</subfield>
    <subfield code="1">0</subfield>
    <subfield code="4">0</subfield>
    <subfield code="6">823_700000000000000_D555B</subfield>
    <subfield code="7">0</subfield>
    <subfield code="9">232358</subfield>
    <subfield code="a">MAIN</subfield>
    <subfield code="b">MAIN</subfield>
    <subfield code="d">2008-04-10</subfield>
    <subfield code="l">0</subfield>
    <subfield code="o">823.7 D555B</subfield>
    <subfield code="p">257647</subfield>
    <subfield code="r">2023-09-17 21:31:41</subfield>
    <subfield code="w">2023-09-17</subfield>
    <subfield code="y">BK</subfield>
  </datafield>
  <datafield tag="952" ind1=" " ind2=" ">
    <subfield code="0">0</subfield>
    <subfield code="1">0</subfield>
    <subfield code="4">0</subfield>
    <subfield code="6">823_700000000000000_D555B</subfield>
    <subfield code="7">0</subfield>
    <subfield code="9">232359</subfield>
    <subfield code="a">MAIN</subfield>
    <subfield code="b">MAIN</subfield>
    <subfield code="d">2008-04-10</subfield>
    <subfield code="l">0</subfield>
    <subfield code="o">823.7 D555B</subfield>
    <subfield code="p">257648</subfield>
    <subfield code="r">2023-09-17 21:31:41</subfield>
    <subfield code="w">2023-09-17</subfield>
    <subfield code="y">BK</subfield>
  </datafield>
  <datafield tag="952" ind1=" " ind2=" ">
    <subfield code="0">0</subfield>
    <subfield code="1">0</subfield>
    <subfield code="4">0</subfield>
    <subfield code="6">823_700000000000000_D555B</subfield>
    <subfield code="7">0</subfield>
    <subfield code="9">232360</subfield>
    <subfield code="a">MAIN</subfield>
    <subfield code="b">MAIN</subfield>
    <subfield code="d">2008-04-10</subfield>
    <subfield code="l">0</subfield>
    <subfield code="o">823.7 D555B</subfield>
    <subfield code="p">257649</subfield>
    <subfield code="r">2023-09-17 21:31:41</subfield>
    <subfield code="w">2023-09-17</subfield>
    <subfield code="y">BK</subfield>
  </datafield>
  <datafield tag="952" ind1=" " ind2=" ">
    <subfield code="0">0</subfield>
    <subfield code="1">0</subfield>
    <subfield code="4">0</subfield>
    <subfield code="6">823_700000000000000_D555B</subfield>
    <subfield code="7">0</subfield>
    <subfield code="9">232361</subfield>
    <subfield code="a">MAIN</subfield>
    <subfield code="b">MAIN</subfield>
    <subfield code="d">2008-04-10</subfield>
    <subfield code="l">0</subfield>
    <subfield code="o">823.7 D555B</subfield>
    <subfield code="p">263772</subfield>
    <subfield code="r">2023-09-17 21:31:41</subfield>
    <subfield code="w">2023-09-17</subfield>
    <subfield code="y">BK</subfield>
  </datafield>
  <datafield tag="999" ind1=" " ind2=" ">
    <subfield code="c">143684</subfield>
    <subfield code="d">143684</subfield>
  </datafield>
</record>
